Statistiques concernant Animaux dans Tintin

Cliquez ici pour prendre le quiz!

Statistiques générales

  • Ce quiz a été pris 59 fois
  • Le résultat moyen est 18 sur 25

Statistiques - réponses

IndiceRéponse% Correct
8Il a des pinces en orCrabe
96%
21Kidnappeur montagnard de ChangYéti
94%
2Il tombe dans l'escalier de la tourUn gorille nommé Ranko
92%
5Couchés dans le fleuve, on dirait des troncs d'arbresCrocodiles
90%
6Quand il est fâché, lui toujours faire ainsi..Lama
90%
16Celui du sculpteur Balthazar a disparuPerroquet
90%
17Le véritable voleur de l'émeraude de la CastafiorePie
90%
14Il a inspiré un sous-marinRequin
90%
7Ils volent la carabine du CapitaineSinges
86%
10Le bateau du Chevalier de HadoqueLicorne
84%
23Surnom de la CastafioreLe Rossignol milanais
80%
19Grand ennemi de Milou à MoulinsartChat siamois
78%
25"Et resplendira la croix de..."l'Aigle
78%
1Il ne parle presque plus depuis la Syldavie mais il n'en pense pas moinsMilou
72%
11Deux frères malhonnêtesMaxime et Gustave Loiseau
70%
9Elle est énorme sur une îleAraignée
62%
13Sa longue langue réveille le CapitaineFourmilier ou Tamanoir
60%
24Ils/elles produisent le guanoMouettes et goélands
60%
22La rue où habite TintinLabrador
58%
15Tintin le dompte avec sa flûte dans la forêt en IndeElephant
52%
20Kidnappeur montagnard de MilouCondor des Andes
48%
3Tintin enfile sa peau pour filmer discrètementGirafe
44%
18Tintin en tue 15 en croyant n'en tuer qu'uneAntilopes
42%
4Sculpté sur le sceptre d'OttokarPélican noir
32%
12Ils ont les mêmes jurons que le CapitaineAras
18%

Distribution des résultats

Percentile par nombre de réponses

% des personnes avec chaque résultat

Votre développement - résultats

Vous n’avez pas pris ce quiz